Pays où McDonald's n'existe pas.- Pays où... - Statistiques

Statistiques générales
  • Ce quiz a été pris 217 fois
  • Le résultat moyen est 8 sur 24
Statistiques - réponses
Depuis Quand Réponse % Correct
Interdit Corée du Nord
85%
Retrait Russie
70%
2016 Iran
65%
Interdit Afghanistan
56%
Jamais Algérie
44%
Jamais Cuba
40%
Jamais Turkménistan
40%
Jamais Kazakhstan
38%
Jamais Ouzbekistan
38%
Jamais Mongolie
37%
Impossible Vatican
37%
Jamais Tunisie
34%
Jamais Yemen
32%
2009 Islande
28%
Jamais Vanuatu
19%
Jamais Tuvalu
17%
Jamais Maldives
16%
Jamais Sainte-Lucie
16%
Interdit Bolivie
14%
Jamais Iles Salomon
13%
Jamais Les Seychelles
13%
Jamais Cambodge
12%
2013 Macédoine du Nord
10%
2003 Monténégro
9%
Aucun quiz correspondant
Distribution des résultats
% des personnes avec chaque résultat
Percentile par nombre de réponses
Votre historique - résultats
Vous n’avez pas pris ce quiz